[Event "2023 National K-12 Grade Championships"]
[Site "Orlando, Florida, United States"]
[Date "2023.12.15"]
[Round "2.13"]
[White "Shah, Rohail"]
[Black "Zhao, Erick"]
[Result "0-1"]
[TimeControl "G/90;d10"]
[WhiteElo "1765"]
[BlackElo "2441"]

1. e4 {[%clk 01:30:00]} {[%emt 00:00:02]} c5 {[%clk 01:30:00]} {[%emt
00:00:06]} 2. Nf3 {[%clk 01:30:00]} {[%emt 00:00:06]} e6 {[%clk 01:30:00]}
{[%emt 00:00:06]} 3. d4 {[%clk 01:30:00]} {[%emt 00:00:08]} cxd4 {[%clk
01:30:00]} {[%emt 00:00:05]} 4. Nxd4 {[%clk 01:30:00]} {[%emt 00:00:10]} a6
{[%clk 01:30:00]} {[%emt 00:00:03]} 5. Nc3 {[%clk 01:30:00]} {[%emt 00:00:09]}
Qc7 {[%clk 01:29:41]} {[%emt 00:00:30]} 6. a3 {[%clk 01:29:41]} {[%emt
00:00:29]} Nc6 {[%clk 01:18:35]} {[%emt 00:11:16]} 7. Be3 {[%clk 01:29:11]}
{[%emt 00:00:40]} b5 {[%clk 01:16:44]} {[%emt 00:02:01]} 8. Be2 {[%clk
01:20:41]} {[%emt 00:08:39]} Bb7 {[%clk 01:12:42]} {[%emt 00:04:12]} 9. f4
{[%clk 01:18:00]} {[%emt 00:02:50]} d6 {[%clk 01:08:35]} {[%emt 00:04:17]} 10.
O-O {[%clk 01:17:42]} {[%emt 00:00:27]} Nf6 {[%clk 01:07:40]} {[%emt 00:01:05]}
11. Bf3 {[%clk 01:16:28]} {[%emt 00:01:23]} Na5 {[%clk 01:02:13]} {[%emt
00:05:39]} 12. Bf2 {[%clk 01:04:05]} {[%emt 00:12:33]} Rc8 {[%clk 00:53:12]}
{[%emt 00:09:12]} 13. Qe2 {[%clk 00:56:29]} {[%emt 00:07:45]} Nc4 {[%clk
00:50:17]} {[%emt 00:03:05]} 14. Nd1 {[%clk 00:50:04]} {[%emt 00:06:35]} Be7
{[%clk 00:37:41]} {[%emt 00:12:47]} 15. b3 {[%clk 00:47:27]} {[%emt 00:02:47]}
Nb6 {[%clk 00:37:08]} {[%emt 00:00:43]} 16. Nb2 {[%clk 00:45:17]} {[%emt
00:02:20]} d5 {[%clk 00:27:06]} {[%emt 00:10:12]} 17. e5 {[%clk 00:37:57]}
{[%emt 00:07:29]} Ne4 {[%clk 00:27:06]} {[%emt 00:00:08]} 18. Bxe4 {[%clk
00:31:42]} {[%emt 00:06:25]} dxe4 {[%clk 00:27:06]} {[%emt 00:00:11]} 19. Kh1
{[%clk 00:29:34]} {[%emt 00:02:17]} Qc3 {[%clk 00:24:36]} {[%emt 00:02:40]} 20.
Nxb5 {[%clk 00:25:12]} {[%emt 00:04:33]} Qxb2 {[%clk 00:21:15]} {[%emt
00:03:31]} 21. Bxb6 {[%clk 00:22:14]} {[%emt 00:03:08]} axb5 {[%clk 00:17:32]}
{[%emt 00:03:53]} 22. Qxb5+ {[%clk 00:21:39]} {[%emt 00:00:45]} Bc6 {[%clk
00:17:32]} {[%emt 00:00:05]} 23. Qa6 {[%clk 00:20:27]} {[%emt 00:01:22]} O-O
{[%clk 00:17:09]} {[%emt 00:00:34]} 24. Rfc1 {[%clk 00:18:46]} {[%emt
00:01:51]} Qc3 {[%clk 00:15:16]} {[%emt 00:02:03]} 25. Qa7 {[%clk 00:17:50]}
{[%emt 00:01:07]} Bd8 {[%clk 00:10:10]} {[%emt 00:05:16]} 26. Bc5 {[%clk
00:14:16]} {[%emt 00:03:45]} Ra8 {[%clk 00:10:10]} {[%emt 00:00:06]} 27. Bd4
{[%clk 00:09:49]} {[%emt 00:04:36]} Qd2 {[%clk 00:08:08]} {[%emt 00:02:11]} 28.
Qc5 {[%clk 00:09:04]} {[%emt 00:00:56]} Be7 {[%clk 00:07:40]} {[%emt 00:00:38]}
29. Qxc6 {[%clk 00:06:39]} {[%emt 00:02:35]} Qxd4 {[%clk 00:07:40]} {[%emt
00:00:02]} 30. a4 {[%clk 00:06:25]} {[%emt 00:00:25]} e3 {[%clk 00:07:13]}
{[%emt 00:00:36]} 31. Qf3 {[%clk 00:06:18]} {[%emt 00:00:17]} Bb4 {[%clk
00:06:56]} {[%emt 00:00:27]} 32. Rd1 {[%clk 00:06:05]} {[%emt 00:00:19]} Bd2
{[%clk 00:06:56]} {[%emt 00:00:06]} 33. a5 {[%clk 00:04:33]} {[%emt 00:01:42]}
g6 {[%clk 00:06:17]} {[%emt 00:00:49]} 34. Ra4 {[%clk 00:03:39]} {[%emt
00:01:04]} Qc5 {[%clk 00:06:17]} {[%emt 00:00:08]} 35. Qe4 {[%clk 00:03:16]}
{[%emt 00:00:34]} Rxa5 {[%clk 00:06:11]} {[%emt 00:00:17]} 36. Rc4 {[%clk
00:02:22]} {[%emt 00:01:04]} Qd5 {[%clk 00:06:11]} {[%emt 00:00:09]} 37. Qxd5
{[%clk 00:01:59]} {[%emt 00:00:33]} exd5 {[%clk 00:06:11]} {[%emt 00:00:05]} 38.
Rd4 {[%clk 00:01:59]} {[%emt 00:00:05]} e2 {[%clk 00:06:11]} {[%emt 00:00:13]}
39. R4xd2 {[%clk 00:01:59]} {[%emt 00:00:05]} exd1=Q+ {[%clk 00:06:11]} {[%emt
00:00:07]} 40. Rxd1 {[%clk 00:01:59]} {[%emt 00:00:04]} Rc8 {[%clk 00:06:11]}
{[%emt 00:00:05]} 41. h3 {[%clk 00:01:30]} {[%emt 00:00:39]} Rxc2 {[%clk
00:06:11]} {[%emt 00:00:06]} 42. g4 {[%clk 00:01:21]} {[%emt 00:00:19]} d4
{[%clk 00:06:11]} {[%emt 00:00:08]} 43. b4 {[%clk 00:01:15]} {[%emt 00:00:16]}
Ra4 {[%clk 00:06:06]} {[%emt 00:00:15]} 44. b5 {[%clk 00:01:15]} {[%emt
00:00:08]} Rb4 {[%clk 00:06:06]} {[%emt 00:00:03]} 45. f5 {[%clk 00:01:15]}
{[%emt 00:00:07]} Rxb5 {[%clk 00:06:06]} {[%emt 00:00:06]} 46. f6 {[%clk
00:01:07]} {[%emt 00:00:17]} Rxe5 {[%clk 00:06:06]} {[%emt 00:00:06]} 47. Rb1
{[%clk 00:01:05]} {[%emt 00:00:12]} h5 {[%clk 00:06:06]} {[%emt 00:00:05]} 48.
gxh5 {[%clk 00:01:05]} {[%emt 00:00:04]} Rxh5 {[%clk 00:06:06]} {[%emt
00:00:06]} 49. Rb3 {[%clk 00:01:05]} {[%emt 00:00:07]} Kh7 {[%clk 00:06:06]}
{[%emt 00:00:07]} 50. Rd3 {[%clk 00:01:05]} {[%emt 00:00:05]} Re5 {[%clk
00:06:04]} {[%emt 00:00:11]} 51. Rd1 {[%clk 00:01:05]} {[%emt 00:00:06]} d3
{[%clk 00:06:04]} {[%emt 00:00:03]} 52. Kg1 {[%clk 00:01:05]} {[%emt 00:00:08]}
Ree2 {[%clk 00:06:04]} {[%emt 00:00:10]} 53. Kf1 {[%clk 00:01:05]} {[%emt
00:00:05]} Rh2 {[%clk 00:06:04]} {[%emt 00:00:04]} 54. Kg1 {[%clk 00:01:05]}
{[%emt 00:00:05]} Rcg2+ {[%clk 00:06:04]} {[%emt 00:00:04]} 55. Kf1 {[%clk
00:01:05]} {[%emt 00:00:03]} d2 {[%clk 00:06:04]} {[%emt 00:00:06]} 56. h4
{[%clk 00:01:05]} {[%emt 00:00:09]} Rh1+ {[%clk 00:06:04]} {[%emt 00:00:05]} 57.
Kxg2 {[%clk 00:01:05]} {[%emt 00:00:04]} Rxd1 {[%clk 00:06:04]} {[%emt
00:00:05]} 58. h5 {[%clk 00:01:05]} {[%emt 00:00:03]} Re1 {[%clk 00:06:04]}
{[%emt 00:00:06]} 59. hxg6+ {[%clk 00:01:05]} {[%emt 00:00:03]} Kxg6 {[%clk
00:06:04]} {[%emt 00:00:08]} 60. Kg3 {[%clk 00:01:05]} {[%emt 00:00:03]} d1=Q
{[%clk 00:06:04]} {[%emt 00:00:11]} 61. Kf4 {[%clk 00:01:05]} {[%emt 00:00:07]}
Qd4+ {[%clk 00:06:04]} {[%emt 00:00:10]} 62. Kg3 {[%clk 00:01:05]} {[%emt
00:00:03]} Re3+ {[%clk 00:06:04]} {[%emt 00:00:05]} 63. Kg2 {[%clk 00:01:05]}
{[%emt 00:00:03]} Qd2+ {[%clk 00:06:04]} {[%emt 00:00:04]} 64. Kg1 {[%clk
00:01:05]} {[%emt 00:00:04]} Re1# {[%emt 00:00:40]} 0-1

[Event "2023 National K-12 Grade Championships"]
[Site "Orlando, Florida, United States"]
[Date "2023.12.15"]
[Round "2.14"]
[White "Reiss, Aiden"]
[Black "Wethington, Nicolas"]
[Result "1-0"]
[TimeControl "G/90;d10"]
[WhiteElo "2260"]
[BlackElo "1722"]

1. e4 {[%clk 01:26:41]} {[%emt 00:03:28]} c6 {[%clk 01:29:48]} {[%emt
00:00:24]} 2. Nf3 {[%clk 01:26:41]} {[%emt 00:00:05]} d5 {[%clk 01:29:48]}
{[%emt 00:00:05]} 3. Nc3 {[%clk 01:26:41]} {[%emt 00:00:06]} Bg4 {[%clk
01:29:48]} {[%emt 00:00:05]} 4. h3 {[%clk 01:26:41]} {[%emt 00:00:05]} Bxf3
{[%clk 01:29:48]} {[%emt 00:00:05]} 5. Qxf3 {[%clk 01:26:41]} {[%emt 00:00:02]}
e6 {[%clk 01:29:48]} {[%emt 00:00:10]} 6. Be2 {[%clk 01:26:41]} {[%emt
00:00:06]} Nf6 {[%clk 01:28:30]} {[%emt 00:01:28]} 7. O-O {[%clk 01:26:21]}
{[%emt 00:00:29]} d4 {[%clk 01:25:16]} {[%emt 00:03:25]} 8. Nd1 {[%clk
01:25:35]} {[%emt 00:00:54]} Nbd7 {[%clk 01:23:39]} {[%emt 00:01:49]} 9. d3
{[%clk 01:25:31]} {[%emt 00:00:14]} Bd6 {[%clk 01:21:04]} {[%emt 00:02:44]} 10.
g3 {[%clk 01:22:55]} {[%emt 00:02:46]} h6 {[%clk 01:19:13]} {[%emt 00:02:01]}
11. Qg2 {[%clk 01:22:31]} {[%emt 00:00:33]} g5 {[%clk 01:18:01]} {[%emt
00:01:23]} 12. Kh1 {[%clk 01:20:38]} {[%emt 00:02:02]} Qc7 {[%clk 01:16:01]}
{[%emt 00:02:10]} 13. c3 {[%clk 01:19:35]} {[%emt 00:01:14]} c5 {[%clk
01:14:38]} {[%emt 00:01:32]} 14. b4 {[%clk 01:16:32]} {[%emt 00:03:13]} dxc3
{[%clk 01:05:48]} {[%emt 00:09:00]} 15. Nxc3 {[%clk 01:16:32]} {[%emt
00:00:04]} Be5 {[%clk 01:05:04]} {[%emt 00:00:54]} 16. Bb2 {[%clk 01:16:29]}
{[%emt 00:00:13]} Qb6 {[%clk 01:02:56]} {[%emt 00:02:19]} 17. a3 {[%clk
01:11:43]} {[%emt 00:04:55]} cxb4 {[%clk 01:00:16]} {[%emt 00:02:50]} 18. Na4
{[%clk 01:10:01]} {[%emt 00:01:52]} Bxb2 {[%clk 00:58:35]} {[%emt 00:01:51]} 19.
Nxb6 {[%clk 01:09:39]} {[%emt 00:00:32]} axb6 {[%clk 00:58:09]} {[%emt
00:00:36]} 20. Ra2 {[%clk 01:06:09]} {[%emt 00:03:41]} bxa3 {[%clk 00:57:01]}
{[%emt 00:01:18]} 21. Rb1 {[%clk 01:06:00]} {[%emt 00:00:18]} Ke7 {[%clk
00:55:24]} {[%emt 00:01:47]} 22. Qf3 {[%clk 01:05:06]} {[%emt 00:01:05]} b5
{[%clk 00:52:21]} {[%emt 00:03:13]} 23. Raxb2 {[%clk 01:04:27]} {[%emt
00:00:49]} axb2 {[%clk 00:52:16]} {[%emt 00:00:13]} 24. Rxb2 {[%clk 01:04:27]}
{[%emt 00:00:02]} Ra1+ {[%clk 00:48:18]} {[%emt 00:04:09]} 25. Kg2 {[%clk
01:04:06]} {[%emt 00:00:31]} b6 {[%clk 00:45:16]} {[%emt 00:03:12]} 26. d4
{[%clk 01:01:45]} {[%emt 00:02:30]} Ra4 {[%clk 00:42:48]} {[%emt 00:02:38]} 27.
Rxb5 {[%clk 00:59:26]} {[%emt 00:02:29]} Rha8 {[%clk 00:40:25]} {[%emt
00:02:33]} 28. Qd3 {[%clk 00:58:09]} {[%emt 00:01:27]} Ra3 {[%clk 00:39:50]}
{[%emt 00:00:46]} 29. Qb1 {[%clk 00:57:42]} {[%emt 00:00:37]} Ra2 {[%clk
00:37:40]} {[%emt 00:02:21]} 30. Bf3 {[%clk 00:56:41]} {[%emt 00:01:10]} R8a4
{[%clk 00:36:36]} {[%emt 00:01:15]} 31. e5 {[%clk 00:55:44]} {[%emt 00:01:06]}
Ne8 {[%clk 00:36:21]} {[%emt 00:00:26]} 32. Qh7 {[%clk 00:53:40]} {[%emt
00:02:14]} Nc7 {[%clk 00:35:32]} {[%emt 00:01:00]} 33. Rb3 {[%clk 00:51:32]}
{[%emt 00:02:17]} Rxd4 {[%clk 00:34:12]} {[%emt 00:01:30]} 34. Qxh6 {[%clk
00:51:27]} {[%emt 00:00:15]} Rdd2 {[%clk 00:34:12]} {[%emt 00:00:09]} 35. Qxg5+
{[%clk 00:51:27]} {[%emt 00:00:05]} Ke8 {[%clk 00:33:48]} {[%emt 00:00:34]} 36.
Qe3 {[%clk 00:51:19]} {[%emt 00:00:18]} Nd5 {[%clk 00:31:39]} {[%emt 00:02:21]}
37. Bxd5 {[%clk 00:49:37]} {[%emt 00:01:50]} Rxd5 {[%clk 00:31:12]} {[%emt
00:00:37]} 38. Rc3 {[%clk 00:48:56]} {[%emt 00:00:51]} Rxe5 {[%clk 00:29:24]}
{[%emt 00:01:58]} 39. Qh6 {[%clk 00:47:11]} {[%emt 00:01:53]} Rc5 {[%clk
00:27:47]} {[%emt 00:01:50]} 40. h4 {[%clk 00:46:25]} {[%emt 00:00:56]} Rf5
{[%clk 00:24:47]} {[%emt 00:03:10]} 41. Rf3 {[%clk 00:46:22]} {[%emt 00:00:11]}
Rxf3 {[%clk 00:24:01]} {[%emt 00:00:58]} 42. Kxf3 {[%clk 00:46:22]} {[%emt
00:00:02]} b5 {[%clk 00:23:16]} {[%emt 00:00:57]} 43. Qh8+ {[%clk 00:45:54]}
{[%emt 00:00:37]} Ke7 {[%clk 00:23:13]} {[%emt 00:00:13]} 44. Qc3 {[%clk
00:45:28]} {[%emt 00:00:31]} Ra4 {[%clk 00:22:51]} {[%emt 00:00:37]} 45. h5
{[%clk 00:43:38]} {[%emt 00:01:58]} b4 {[%clk 00:22:29]} {[%emt 00:00:34]} 46.
Qd4 {[%clk 00:42:19]} {[%emt 00:01:28]} e5 {[%clk 00:22:23]} {[%emt 00:00:17]}
47. Qh4+ {[%clk 00:42:15]} {[%emt 00:00:13]} Nf6 {[%clk 00:22:06]} {[%emt
00:00:29]} 48. h6 {[%clk 00:41:31]} {[%emt 00:00:54]} e4+ {[%clk 00:22:06]}
{[%emt 00:00:06]} 49. Kg2 {[%clk 00:39:11]} {[%emt 00:02:30]} b3 {[%clk
00:21:49]} {[%emt 00:00:28]} 50. h7 {[%clk 00:39:10]} {[%emt 00:00:10]} b2
{[%clk 00:21:30]} {[%emt 00:00:28]} 51. h8=Q {[%clk 00:39:09]} {[%emt
00:00:09]} b1=Q {[%clk 00:21:10]} {[%emt 00:00:32]} 52. Q4xf6+ {[%clk
00:39:09]} {[%emt 00:00:07]} Kd7 {[%clk 00:21:07]} {[%emt 00:00:14]} 53. Qhd8#
{[%clk 00:39:09]} {[%emt 00:00:10]} 1-0

[Event "2023 National K-12 Grade Championships"]
[Site "Orlando, Florida, United States"]
[Date "2023.12.15"]
[Round "2.15"]
[White "Liu, Eric Chang"]
[Black "Hosur, Sanmita"]
[Result "1-0"]
[TimeControl "G/90;d10"]
[WhiteElo "2377"]
[BlackElo "1661"]

1. e4 {[%clk 01:30:00]} c5 {[%clk 01:30:00]} {[%emt 00:00:06]} 2. Nf3 {[%clk
01:30:00]} {[%emt 00:00:05]} g6 {[%clk 01:30:00]} {[%emt 00:00:07]} 3. d4
{[%clk 01:30:00]} {[%emt 00:00:06]} cxd4 {[%clk 01:30:00]} {[%emt 00:00:04]} 4.
Nxd4 {[%clk 01:30:00]} {[%emt 00:00:04]} Bg7 {[%clk 01:30:00]} {[%emt
00:00:07]} 5. Nc3 {[%clk 01:30:00]} {[%emt 00:00:05]} Nc6 {[%clk 01:29:55]}
{[%emt 00:00:15]} 6. Be3 {[%clk 01:30:00]} {[%emt 00:00:07]} Nf6 {[%clk
01:29:51]} {[%emt 00:00:14]} 7. Bc4 {[%clk 01:30:00]} {[%emt 00:00:05]} O-O
{[%clk 01:29:44]} {[%emt 00:00:17]} 8. Bb3 {[%clk 01:30:00]} {[%emt 00:00:04]}
Qa5 {[%clk 01:29:40]} {[%emt 00:00:15]} 9. f3 {[%clk 01:29:04]} {[%emt
00:01:06]} d6 {[%clk 01:18:05]} {[%emt 00:11:44]} 10. Qd2 {[%clk 01:29:04]}
{[%emt 00:00:08]} Nxd4 {[%clk 01:13:59]} {[%emt 00:04:16]} 11. Bxd4 {[%clk
01:29:04]} {[%emt 00:00:05]} b5 {[%clk 01:13:24]} {[%emt 00:00:45]} 12. O-O-O
{[%clk 01:25:56]} {[%emt 00:03:18]} Bb7 {[%clk 01:03:25]} {[%emt 00:10:09]} 13.
h4 {[%clk 01:23:20]} {[%emt 00:02:46]} b4 {[%clk 00:50:56]} {[%emt 00:12:39]}
14. Nd5 {[%clk 01:22:19]} {[%emt 00:01:12]} Nxd5 {[%clk 00:43:36]} {[%emt
00:07:30]} 15. Bxg7 {[%clk 01:19:41]} {[%emt 00:02:48]} Kxg7 {[%clk 00:43:21]}
{[%emt 00:00:24]} 16. exd5 {[%clk 01:19:41]} {[%emt 00:00:04]} Qc5 {[%clk
00:40:58]} {[%emt 00:02:31]} 17. h5 {[%clk 01:18:51]} {[%emt 00:01:01]} Rh8
{[%clk 00:37:32]} {[%emt 00:03:36]} 18. Rde1 {[%clk 01:18:39]} {[%emt
00:00:23]} a5 {[%clk 00:25:50]} {[%emt 00:11:51]} 19. Rxe7 {[%clk 01:17:34]}
{[%emt 00:01:15]} a4 {[%clk 00:25:09]} {[%emt 00:00:51]} 20. Qf4 {[%clk
01:17:32]} {[%emt 00:00:12]} Bxd5 {[%clk 00:23:39]} {[%emt 00:01:40]} 21. h6+
{[%clk 01:17:32]} {[%emt 00:00:06]} Kf8 {[%clk 00:21:04]} {[%emt 00:02:45]} 22.
Rxf7+ {[%clk 01:17:32]} {[%emt 00:00:05]} Ke8 {[%clk 00:19:29]} {[%emt
00:01:45]} 23. Re1+ {[%clk 01:17:32]} {[%emt 00:00:05]} 1-0

[Event "2023 National K-12 Grade Championships"]
[Site "Orlando, Florida, United States"]
[Date "2023.12.15"]
[Round "2.16"]
[White "Klempf, Maxim"]
[Black "Chakrabarti, Brejesh"]
[Result "0-1"]
[TimeControl "G/90;d10"]
[WhiteElo "1641"]
[BlackElo "2328"]

1. e4 {[%clk 01:30:00]} {[%emt 00:00:01]} c5 {[%clk 01:30:00]} {[%emt
00:00:02]} 2. Nf3 {[%clk 01:30:00]} {[%emt 00:00:05]} Nc6 {[%clk 01:30:00]} 3.
d4 {[%clk 01:30:00]} {[%emt 00:00:07]} cxd4 {[%clk 01:30:00]} 4. Nxd4 {[%clk
01:30:00]} {[%emt 00:00:07]} g6 {[%clk 01:30:00]} 5. Nc3 {[%clk 01:29:55]}
{[%emt 00:00:15]} Bg7 {[%clk 01:30:00]} 6. Be3 {[%emt 00:00:10]} Nf6 7. Bb5
{[%clk 01:27:14]} {[%emt 00:02:51]} O-O {[%clk 01:29:41]} {[%emt 00:00:29]} 8.
O-O {[%clk 01:27:11]} {[%emt 00:00:13]} a6 {[%clk 01:28:53]} {[%emt 00:00:58]}
9. Ba4 {[%clk 01:23:25]} {[%emt 00:03:56]} Qc7 {[%clk 01:22:18]} {[%emt
00:06:45]} 10. f3 {[%clk 01:15:29]} {[%emt 00:08:05]} b5 {[%clk 01:19:53]}
{[%emt 00:02:36]} 11. Bb3 {[%clk 01:15:29]} {[%emt 00:00:07]} Bb7 {[%clk
01:18:36]} {[%emt 00:01:26]} 12. Nxc6 {[%clk 01:07:42]} {[%emt 00:07:57]} dxc6
{[%clk 01:13:33]} {[%emt 00:05:12]} 13. Ne2 {[%clk 00:59:45]} {[%emt 00:08:07]}
c5 {[%clk 01:12:43]} {[%emt 00:01:01]} 14. c3 {[%clk 00:58:22]} {[%emt
00:01:34]} c4 {[%clk 01:10:39]} {[%emt 00:02:14]} 15. Bc2 {[%clk 00:58:22]}
{[%emt 00:00:10]} Nd7 {[%clk 01:10:39]} 16. Qe1 {[%clk 00:55:33]} {[%emt
00:02:59]} Rac8 {[%clk 01:05:43]} {[%emt 00:05:05]} 17. Qf2 {[%clk 00:54:04]}
{[%emt 00:01:40]} e5 {[%clk 01:05:17]} {[%emt 00:00:36]} 18. Rfd1 {[%clk
00:49:01]} {[%emt 00:05:12]} Bc6 {[%clk 01:00:11]} {[%emt 00:05:15]} 19. Rd2
{[%clk 00:41:00]} {[%emt 00:08:11]} Rfe8 {[%clk 00:59:54]} {[%emt 00:00:27]} 20.
Rad1 {[%clk 00:38:01]} {[%emt 00:03:10]} Nf8 {[%clk 00:56:04]} {[%emt
00:04:00]} 21. Bb6 {[%clk 00:28:24]} {[%emt 00:09:47]} Qb8 {[%clk 00:54:07]}
{[%emt 00:02:06]} 22. Rd6 {[%clk 00:25:14]} {[%emt 00:03:20]} Ne6 {[%clk
00:53:28]} {[%emt 00:00:47]} 23. Ba7 {[%clk 00:22:16]} {[%emt 00:03:11]} Qb7
{[%clk 00:52:28]} {[%emt 00:01:06]} 24. Qb6 {[%clk 00:21:22]} {[%emt 00:01:08]}
Qa8 {[%clk 00:51:20]} {[%emt 00:01:19]} 25. Qf2 {[%clk 00:19:15]} {[%emt
00:02:16]} Bf8 {[%clk 00:50:29]} {[%emt 00:01:01]} 26. R6d2 {[%clk 00:19:03]}
{[%emt 00:00:23]} Qb7 {[%clk 00:50:16]} {[%emt 00:00:22]} 27. Be3 {[%clk
00:18:35]} {[%emt 00:00:38]} a5 {[%clk 00:48:34]} {[%emt 00:01:53]} 28. a3
{[%clk 00:17:34]} {[%emt 00:01:11]} Rb8 {[%clk 00:47:36]} {[%emt 00:01:07]} 29.
Ra1 {[%clk 00:12:05]} {[%emt 00:05:41]} Ra8 {[%clk 00:46:49]} {[%emt 00:00:56]}
30. Rdd1 {[%clk 00:08:50]} {[%emt 00:03:26]} b4 {[%clk 00:43:58]} {[%emt
00:03:00]} 31. axb4 {[%clk 00:07:50]} {[%emt 00:01:10]} axb4 {[%clk 00:43:58]}
{[%emt 00:00:04]} 32. b3 {[%clk 00:06:48]} {[%emt 00:01:11]} cxb3 {[%clk
00:32:02]} {[%emt 00:12:07]} 33. Bxb3 {[%clk 00:06:48]} {[%emt 00:00:07]} bxc3
{[%clk 00:28:24]} {[%emt 00:03:47]} 34. Bxe6 {[%clk 00:06:39]} {[%emt
00:00:20]} c2 {[%clk 00:27:32]} {[%emt 00:01:01]} 35. Bxf7+ {[%clk 00:05:22]}
{[%emt 00:01:28]} Qxf7 {[%clk 00:25:49]} {[%emt 00:01:52]} 36. Rdc1 {[%clk
00:04:55]} {[%emt 00:00:38]} Rxa1 {[%clk 00:25:49]} {[%emt 00:00:01]} 37. Rxa1
{[%emt 00:00:04]} Rd8 {[%clk 00:25:49]} 38. Qe1 {[%clk 00:04:40]} {[%emt
00:00:25]} Qb3 {[%clk 00:25:44]} {[%emt 00:00:15]} 39. Bd2 {[%clk 00:04:27]}
{[%emt 00:00:23]} Bb4 {[%clk 00:22:50]} {[%emt 00:03:05]} 40. Bxb4 {[%clk
00:04:16]} {[%emt 00:00:21]} Rd1 {[%clk 00:22:50]} {[%emt 00:00:04]} 41. Kf2
{[%clk 00:03:12]} {[%emt 00:01:14]} Rxe1 {[%clk 00:22:46]} {[%emt 00:00:13]} 42.
Bxe1 {[%clk 00:03:12]} {[%emt 00:00:03]} Qb6+ {[%clk 00:21:50]} {[%emt
00:01:07]} 43. Kg3 {[%clk 00:02:46]} {[%emt 00:00:37]} Qe3 {[%clk 00:21:42]}
{[%emt 00:00:17]} 44. Bf2 {[%clk 00:01:23]} {[%emt 00:01:33]} Qxe2 {[%clk
00:21:32]} {[%emt 00:00:20]} 45. Rc1 {[%clk 00:01:23]} {[%emt 00:00:03]} Qd2
{[%clk 00:21:32]} {[%emt 00:00:09]} 46. Be3 {[%clk 00:01:12]} {[%emt 00:00:21]}
Qxe3 {[%clk 00:21:21]} {[%emt 00:00:20]} 47. Rxc2 {[%clk 00:01:12]} {[%emt
00:00:03]} Bd7 {[%clk 00:21:10]} {[%emt 00:00:21]} 48. h3 {[%clk 00:00:42]}
{[%emt 00:00:41]} Qf4+ {[%clk 00:21:10]} {[%emt 00:00:09]} 49. Kf2 {[%clk
00:00:42]} {[%emt 00:00:03]} Bxh3 {[%clk 00:21:10]} {[%emt 00:00:02]} 50. g3
{[%clk 00:00:24]} {[%emt 00:00:28]} Qf6 {[%clk 00:21:09]} {[%emt 00:00:10]} 51.
Rb2 {[%clk 00:00:20]} {[%emt 00:00:15]} Qd6 {[%clk 00:21:09]} {[%emt 00:00:04]}
52. Re2 {[%clk 00:00:03]} {[%emt 00:00:27]} Qd4+ {[%clk 00:21:06]} {[%emt
00:00:13]} 53. Re3 {[%clk 00:00:03]} {[%emt 00:00:01]} g5 {[%clk 00:21:00]}
{[%emt 00:00:15]} 54. g4 {[%clk 00:00:03]} {[%emt 00:00:05]} Bf1 {[%clk
00:21:00]} {[%emt 00:00:07]} 55. f4 {[%clk 00:00:03]} {[%emt 00:00:09]} exf4
{[%clk 00:21:00]} {[%emt 00:00:09]} 56. e5 {[%clk 00:00:03]} {[%emt 00:00:07]}
Qxe3+ {[%clk 00:20:32]} {[%emt 00:00:37]} 57. Kxf1 {[%clk 00:00:03]} {[%emt
00:00:02]} f3 {[%clk 00:20:32]} {[%emt 00:00:02]} 58. e6 {[%clk 00:00:03]}
{[%emt 00:00:05]} Qe2+ {[%clk 00:20:28]} {[%emt 00:00:14]} 0-1